De lo contencioso administrativo

Guardat en:
Dades bibliogràfiques
Autor principal: Ubierna Eusa, José Antonio (Autor)
Format: Llibre
Idioma:espanyol
Publicat: Madrid Victoriano Suárez 1948
Matèries:
Etiquetes: Afegir etiqueta
Sense etiquetes, Sigues el primer a etiquetar aquest registre!

MARC

LEADER 00000nam a2200000 a 4500
001 UCS0603
003 CL-VaPUC
008 970426e19480000SP |||||||||||||||||spa|d
082 0 4 |a 342.066  |b UBI  |2 21 
100 0 |a Ubierna Eusa, José Antonio  |e author  |9 384299 
245 1 0 |a De lo contencioso administrativo 
300 |a 303 p 
942 |c BK 
945 |d 19970426 00:00:00  |a paguirre 
260 |a Madrid  |b Victoriano Suárez  |c 1948 
650 0 |a Derecho administrativo  |9 254851 
650 7 |a CONTENCIOSO ADMINISTRATIVO  |2 CL-VaPUC  |9 255490 
650 7 |a JURISDICCION ADMINISTRATIVA  |2 CL-VaPUC  |9 384300 
650 0 |a Recursos administrativos  |9 255671 
650 0 |a Procedimiento administrativo  |9 256132 
583 |a last modification  |c 19970426 00:00:00  |k Rodrigo Vera 
999 |c 258823  |d 258821 
952 |0 0  |1 0  |4 0  |6 342_066000000000000_UBI_1948  |7 0  |8 A  |9 283135  |a BIBDER  |b BIBDER  |d 2019-11-19  |i 1838407  |l 1  |o 342.066 UBI 1948  |p 1838407  |r 2023-01-25  |s 2022-11-23  |w 2019-11-19  |y BK  |k DER